[Event "AUTO-INT-822"]
[Site "http://www.queenalice.com/game.php?id=426814"]
[Date "2008.7.3"]
[Round "2"]
[White "alvishope1"]
[Black "JhonDie"]
[Result "1-0"]
[WhiteElo "1645"]
[BlackElo "1854"]

1. d4 d5 2. c4 c6 3. Nf3 Nf6 4. Nc3 dxc4 5. a4 a6 6. e4 Be6 7. Ng5 Bg4 8. f3 h6
9. Nxf7 Kxf7 10. fxg4 e6 11. Bxc4 Bb4 12. O-O Ke7 13. g5 Bxc3 14. gxf6+ gxf6 15.
bxc3 Qa5 16. Qg4 1-0

[Event "AUTO-INT-822"]
[Site "http://www.queenalice.com/game.php?id=426817"]
[Date "2008.7.3"]
[Round "2"]
[White "pepeillo"]
[Black "alvishope1"]
[Result "1-0"]
[WhiteElo "1735"]
[BlackElo "1701"]

1. a3 d5 2. d4 Nf6 3. h3 Bf5 4. Nf3 Nbd7 5. Bf4 e6 6. e3 Bd6 7. Bxd6 cxd6 8. Bb5
O-O 9. Bd3 Bxd3 10. Qxd3 e5 11. dxe5 dxe5 12. Qb5 Rc8 13. Nc3 e4 14. Nd4 Nb6 15.
O-O-O Re8 16. Nf5 Re5 17. Nd4 Rg5 18. g4 h5 19. f3 exf3 20. Nxf3 Rg6 21. g5 Ne4
22. Rhg1 Nxc3 23. bxc3 Rxc3 24. Rd3 Rgc6 25. Rxc3 Rxc3 26. Ne5 Qc7 27. Qe8+ Kh7
28. g6+ fxg6 29. Qxg6+ Kg8 30. Rg5 Kf8 31. Rf5+ Kg8 32. Qe8+ 1-0

[Event "AUTO-INT-822"]
[Site "http://www.queenalice.com/game.php?id=426818"]
[Date "2008.7.3"]
[Round "2"]
[White "alvishope1"]
[Black "pepeillo"]
[Result "1-0"]
[WhiteElo "1732"]
[BlackElo "1758"]

1. d4 d5 2. c4 dxc4 3. e4 b5 4. a4 c6 5. axb5 cxb5 6. Nc3 a6 7. Nxb5 Bd7 8. Bxc4
Bc6 9. Nc3 e6 10. d5 exd5 11. Bxd5 Qc7 12. Nf3 Bb4 13. O-O Bxc3 14. bxc3 Ne7 15.
c4 Bxd5 16. cxd5 Qc4 17. Qa4+ Qxa4 18. Rxa4 O-O 19. Be3 h6 20. Bc5 Re8 21. Rfa1
Ng6 22. g3 Nd7 23. Be3 Reb8 24. Kg2 a5 25. Rxa5 Rxa5 26. Rxa5 Rb4 27. Nd2 Nge5
28. f4 Nc4 29. Nxc4 Rxc4 30. e5 Re4 31. Kf3 Rc4 32. Ra8+ Kh7 33. e6 fxe6 34.
dxe6 Nf6 35. g4 Rc3 36. Rd8 Rc2 37. g5 hxg5 38. fxg5 Ng8 39. g6+ Kh8 40. e7 1-0

[Event "AUTO-INT-822"]
[Site "http://www.queenalice.com/game.php?id=426821"]
[Date "2008.7.3"]
[Round "2"]
[White "alvishope1"]
[Black "amarelaum"]
[Result "1-0"]
[WhiteElo "1707"]
[BlackElo "1622"]

1. e4 e6 2. d4 d5 3. e5 c5 4. c3 Nc6 5. Nf3 Nge7 6. Bd3 cxd4 7. cxd4 Nf5 8. Bxf5
exf5 9. O-O Be6 10. Ne1 Be7 11. Nc3 1-0

[Event "AUTO-INT-822"]
[Site "http://www.queenalice.com/game.php?id=426822"]
[Date "2008.7.3"]
[Round "2"]
[White "amarelaum"]
[Black "alvishope1"]
[Result "0-1"]
[WhiteElo "1609"]
[BlackElo "1720"]

1. d4 Nf6 2. c4 g6 3. Nc3 Bg7 4. e4 d6 5. Nf3 O-O 6. h3 e5 7. d5 Na6 8. Bg5 h6
9. Be3 Nc5 10. Nd2 a5 0-1

[Event "Challenge"]
[Site "http://www.queenalice.com/game.php?id=486665"]
[Date "2008.11.1"]
[Round "-"]
[White "Megakhuimyak"]
[Black "alvishope1"]
[Result "0-1"]
[WhiteElo "1897"]
[BlackElo "1736"]

1. d4 d5 2. h3 c5 3. c3 c4 4. Nf3 Nf6 5. Bf4 Bf5 6. Nbd2 h5 7. h4 Nc6 8. e3 b5
9. b4 g6 10. a4 a6 11. axb5 axb5 12. Ne5 Nxe5 13. Bxe5 Bg7 14. g3 O-O 15. Bg2 e6
16. O-O Nd7 17. Bxg7 Kxg7 18. Re1 Nb6 19. e4 dxe4 20. Nxe4 Rxa1 21. Qxa1 Bxe4
22. Bxe4 Nd5 23. Rc1 Qa8 24. Bxd5 exd5 25. Kg2 Kf6 26. f4 Qa4 27. Kf2 Ra8 28.
Qb2 Qb3 29. Qb1 Qxb1 30. Rxb1 Ra2+ 31. Kf3 Rc2 32. Re1 Rxc3+ 33. Re3 Rb3 34. g4
hxg4+ 0-1

[Event "AUTO-INT-948"]
[Site "http://www.queenalice.com/game.php?id=487453"]
[Date "2008.11.3"]
[Round "2"]
[White "kretin_alan"]
[Black "alvishope1"]
[Result "1-0"]
[WhiteElo "1737"]
[BlackElo "1793"]

1. d4 d5 2. Nf3 Nf6 3. Bf4 Bf5 4. e3 c6 5. Be2 Qb6 6. b3 Nbd7 7. O-O e6 8. Nbd2
Ne4 9. Nxe4 Bxe4 10. Nd2 Bg6 11. c3 c5 12. Rc1 Be7 13. a3 Bd6 14. Bxd6 Qxd6 15.
b4 b6 16. bxc5 bxc5 17. dxc5 Qxc5 18. Qa4 O-O 19. Qxd7 1-0

[Event "AUTO-INT-948"]
[Site "http://www.queenalice.com/game.php?id=487454"]
[Date "2008.11.3"]
[Round "2"]
[White "alvishope1"]
[Black "kretin_alan"]
[Result "0-1"]
[WhiteElo "1775"]
[BlackElo "1755"]

1. Nf3 Nf6 2. c4 e6 3. d4 b6 4. h3 Ba6 5. Qc2 c5 6. Bg5 Be7 7. g4 O-O 8. Nbd2
Nc6 9. Bxf6 Bxf6 10. d5 Ne7 11. g5 Bd4 12. e3 Nf5 13. exd4 cxd4 14. Bd3 g6 15.
Bxf5 exf5 16. O-O-O d6 17. h4 f6 18. gxf6 Qxf6 19. h5 Rac8 20. b3 b5 21. Kb1
bxc4 22. Nxc4 Bxc4 23. bxc4 Rb8+ 24. Kc1 d3 0-1

[Event "AUTO-ADV-1556"]
[Site "http://www.queenalice.com/game.php?id=690632"]
[Date "2009.11.29"]
[Round "1"]
[White "Gorgona"]
[Black "alvishope1"]
[Result "0-1"]
[WhiteElo "1746"]
[BlackElo "1764"]

1. e4 e6 2. d4 d5 3. Nc3 Bb4 4. Ne2 dxe4 5. a3 Bxc3+ 6. Nxc3 Nc6 7. Be3 Nf6 8.
Bb5 h6 9. Bxc6+ bxc6 10. O-O O-O 11. h3 Nd5 12. Nxe4 Qe7 13. c4 Nb6 14. b3 Ba6
15. Qg4 Kh8 16. Ng3 Rae8 17. a4 Bc8 18. Bxh6 gxh6 19. Nh5 Rg8 20. Qf4 Qg5 21.
Qf6+ Qxf6 22. Nxf6 Ref8 23. Nxg8 Rxg8 24. Kh2 Nd7 25. Rfe1 Rg5 26. f4 Rf5 27. g3
Nf8 28. d5 cxd5 29. cxd5 Rxd5 30. Rad1 Bb7 31. Rc1 c5 32. h4 Nd7 33. Rc3 Rd2+
34. Kh3 Bg2+ 35. Kg4 Nf6# 0-1

[Event "AUTO-ADV-1556"]
[Site "http://www.queenalice.com/game.php?id=690633"]
[Date "2009.11.29"]
[Round "1"]
[White "alvishope1"]
[Black "Gorgona"]
[Result "1/2-1/2"]
[WhiteElo "1761"]
[BlackElo "1842"]

1. e4 e5 2. Nf3 d6 3. d4 exd4 4. Qxd4 Nc6 5. Bb5 Bd7 6. Bxc6 Bxc6 7. Be3 Nf6 8.
Nc3 Qe7 9. Nd2 Ng4 10. O-O-O Qe5 11. Qxe5+ Nxe5 12. Nd5 Bxd5 13. exd5 Ng4 14.
Rde1 Nxe3 15. Rxe3+ Kd7 16. Rhe1 g6 17. f4 f5 18. Nf3 Bh6 19. g3 Rhe8 20. Kd1
Rxe3 21. Rxe3 Re8 22. Rxe8 Kxe8 23. b3 1/2-1/2

[Event "AUTO-ADV-1556"]
[Site "http://www.queenalice.com/game.php?id=690644"]
[Date "2009.11.29"]
[Round "1"]
[White "Elficolorean"]
[Black "alvishope1"]
[Result "1-0"]
[WhiteElo "1746"]
[BlackElo "1762"]

1. d4 g6 2. e4 d6 3. c4 Bg7 4. f4 Nf6 5. Nc3 O-O 6. b4 e5 7. fxe5 dxe5 8. d5 c6
9. Nf3 Nh5 10. Bg5 f6 11. Be3 Nf4 12. g3 Nh5 13. Qd2 f5 14. Bh6 fxe4 15. Bxg7
Kxg7 16. Nxe5 Na6 17. Nxe4 Re8 18. Qc3 Qf6 19. Nxf6 1-0

[Event "AUTO-ADV-1556"]
[Site "http://www.queenalice.com/game.php?id=690645"]
[Date "2009.11.29"]
[Round "1"]
[White "alvishope1"]
[Black "Elficolorean"]
[Result "1-0"]
[WhiteElo "1745"]
[BlackElo "1754"]

1. e4 c5 2. Nf3 h6 3. Nc3 Nc6 4. d4 cxd4 5. Nxd4 e5 6. Ndb5 d6 7. Nd5 a6 8. Na3
Nge7 9. c4 Nxd5 10. exd5 Nd4 11. Be3 Nf5 12. Qd2 Nxe3 13. fxe3 Be7 14. e4 O-O
15. Bd3 Bg5 16. Qc3 Qf6 17. c5 Rd8 18. Nc4 dxc5 19. Nxe5 b6 20. Nf3 Qxc3+ 21.
bxc3 Bf6 22. Rc1 g5 23. h3 b5 24. c4 b4 25. O-O Bg7 26. Rce1 Bc3 27. Re2 g4 28.
hxg4 Bxg4 29. Kf2 h5 30. Rc2 f6 31. g3 a5 32. Nh2 Bh3 33. Rb1 Kf7 34. Be2 Kg6
35. Nf3 Re8 36. Bd3 Ra7 37. Rxc3 bxc3 38. Rb3 f5 39. e5 Bg4 40. e6 Kf6 41. Rb5
Bxf3 42. Kxf3 Ke5 43. Rb1 Kd4 44. Bxf5 Kxc4 45. d6 Rxe6 46. Bxe6+ Kd3 47. Bf5+
Kd2 48. Rh1 c2 49. Rh2+ Kd1 50. Rxc2 Rf7 51. Rxc5 1-0

[Event "AUTO-ADV-1556"]
[Site "http://www.queenalice.com/game.php?id=690650"]
[Date "2009.11.29"]
[Round "1"]
[White "Wecker"]
[Black "alvishope1"]
[Result "0-1"]
[WhiteElo "1492"]
[BlackElo "1784"]

1. Nf3 f5 2. d4 d6 3. Bd2 g6 4. Nc3 Bg7 5. e4 fxe4 6. Nxe4 Nc6 7. c3 Nf6 8.
Nxf6+ Bxf6 9. Bd3 Bg4 10. Be2 e5 11. dxe5 Nxe5 12. Nxe5 Bxe2 13. Qxe2 dxe5 14.
O-O O-O 15. Bh6 Re8 0-1

[Event "AUTO-ADV-1556"]
[Site "http://www.queenalice.com/game.php?id=690651"]
[Date "2009.11.29"]
[Round "1"]
[White "alvishope1"]
[Black "Wecker"]
[Result "1-0"]
[WhiteElo "1779"]
[BlackElo "1497"]

1. e4 e5 2. Nf3 Nc6 3. Bb5 a6 4. Ba4 b5 5. Bb3 Bb7 6. O-O d6 7. c3 Nf6 8. Re1
Be7 9. h3 Na5 10. Bc2 O-O 11. d4 exd4 12. cxd4 c5 13. d5 Nc4 14. b3 Ne5 15. Bb2
1-0